00474 2200205 4500001002100000008004100021035002000062245003100082100001200113250000600125260004200131300001100173084001400184082000800198650001400206990001200220990001200232990001200244990001200256INLIS000000000000565 ind  a0010-0424000541 aElektronika DasarcWardoyo aWardoyo a1 aKlaten :bSaka Mitra Kompetensic2011 a68 hlm a600 WAR e a600 aNon Fiksi a0722288 a0722289 a0722290 a0722291